Statistiques concernant They Shoot Pictures, Don't They? - films 301 à 320

Cliquez ici pour prendre le quiz!

Statistiques générales

  • Ce quiz a été pris 32 fois
  • Le résultat moyen est 6 sur 20

Statistiques - réponses

Réponse% Correct
Melancholia
83%
Freaks
63%
Vidéodrome
63%
Les Vacances de Monsieur Hulot
58%
L'Armée des ombres
54%
Soy Cuba
54%
Le Faucon Maltais
46%
Nanouk l'esquimau
38%
Une séparation
38%
Happy Together
29%
Monsieur Verdoux
25%
Charulata
17%
Berlin Alexanderplatz
13%
Faces
13%
Un temps pour vivre, un temps pour mourir
13%
Au fil du temps
8%
Distant Voices
4%
Le Monde d'Apu
4%
Le Bourreau
0%
Lola Montès
0%

Distribution des résultats

Percentile par nombre de réponses

% des personnes avec chaque résultat

Votre développement - résultats

Vous n’avez pas pris ce quiz